Quattro pro 3.0 Příručka uživatele a průvodce tvorbou aplikací

Na minha lista:
Detalhes bibliográficos
Autor principal: Trojáček, Pavel
Outros Autores: Moudrý, Miroslav
Formato: Livro
Idioma:tcheco
Publicado em: Praha Plus 1991
Edição:1. vyd.
Assuntos:
Tags: Adicionar Tag
Sem tags, seja o primeiro a adicionar uma tag!

MARC

LEADER 00000nam a2200000 4500
001 c001100
005 20221214094733.3
020 |a 80-85297-27-2 
041 0 |a cze 
044 |a CZ 
245 1 0 |a Quattro pro 3.0  |b Příručka uživatele a průvodce tvorbou aplikací  |c Pavel Trojáček, Miroslav Moudrý 
250 |a 1. vyd. 
264 1 |a Praha  |b Plus  |c 1991 
300 |a 185 s. 
610 2 0 |a Quattro Pro 3.0 
610 2 0 |a programy aplikačné 
610 2 0 |a grafika počítačová 
100 1 |a Trojáček, Pavel 
700 1 |a Moudrý, Miroslav